| 000 | 00351nam a2200145Ia 4500 | ||
|---|---|---|---|
| 008 | 230312s9999||||xx |||||||||||||| ||und|| | ||
| 020 | _a0-7817-4822-4 | ||
| 082 |
_a614.1 _bDAH-R |
||
| 100 | _aDahnert;Wolfgang | ||
| 245 | 0 | _aRadiology review manual | |
| 260 |
_bLipponcott _aUSA _c2003 |
||
| 300 | _a1201 | ||
| 650 |
_aMedical _vRadiology |
||
| 942 | _cBK | ||
| 999 |
_c2135 _d2135 |
||